Szent-Györgyi Albert embermentő levelei
https://mno.hu/tortenelem/szent-gyorgyi-albert-embermento-levelei-1355786
Elmentve itt :
| Szerző: | |
|---|---|
| Dokumentumtípus: | Cikk |
| Megjelent: |
2016-08-06
|
| Sorozat: | Magyar Nemzet
79 No. 184 |
| Kulcsszavak: | Ungváry Krisztián, embermentés, Szent-Györgyi Albert, Major Tamás, Kállai Gyula, begyűjtés, Természettudomyáni Akadémia, Malinovszkij marsall |
| Online Access: | http://misc.bibl.u-szeged.hu/73290 |
| LEADER | 00883nab a2200205 i 4500 | ||
|---|---|---|---|
| 001 | misc73290 | ||
| 005 | 20240214171105.0 | ||
| 008 | 240214s2016 hu o 000 hun d | ||
| 022 | |a 0133-185X | ||
| 040 | |a SZTE Miscellanea Repozitórium |b hun | ||
| 041 | |a hun | ||
| 100 | 2 | |a Tasiné Csúcs Ildikó | |
| 245 | 1 | 0 | |a Szent-Györgyi Albert embermentő levelei |h [elektronikus dokumentum] / |c Tasiné Csúcs Ildikó |
| 260 | |c 2016-08-06 | ||
| 300 | |a 27 | ||
| 490 | 0 | |a Magyar Nemzet |v 79 No. 184 | |
| 520 | 3 | |a https://mno.hu/tortenelem/szent-gyorgyi-albert-embermento-levelei-1355786 | |
| 561 | |a Szent-Györgyi Albertről szóló irodalom | ||
| 695 | |a Ungváry Krisztián, embermentés, Szent-Györgyi Albert, Major Tamás, Kállai Gyula, begyűjtés, Természettudomyáni Akadémia, Malinovszkij marsall | ||
| 856 | 4 | 0 | |u http://misc.bibl.u-szeged.hu/73290/1/magyar_nemzet_2016.pdf |z Dokumentum-elérés |